Who created this electro song? - Statistics

General Stats
  • This quiz has been taken 155 times
  • The average score is 7 of 44
Answer Stats
Hint Answer % Correct
One More Time Daft Punk
82%
Sandstorm Darude
53%
Ghosts 'n' Stuff Deadmau5
48%
Feel So Close Calvin Harris
39%
Voodoo People The Prodigy
36%
Little Bad Girl David Guetta
28%
Save The World Swedish House Mafia
28%
Fade Into Darkness Avicii
24%
Music Sounds Better With You Stardust
24%
Cinema Benny Benassi
23%
Children Robert Miles
23%
Maximal Crazy Tïesto
23%
Kernkraft 400 Zombie Nation
23%
Blood Sugar Pendulum
20%
Better Off Alone Alice Deejay
19%
Phantom Pt. II Justice
19%
Pjanoo Eric Prydz
17%
Icarus Madeon
13%
Calling Sebastian Ingrosso & Alesso
10%
Dissolve The Chemical Brothers
10%
Nillionaire Alesso
9%
Embody SebastiAn
9%
The Box Orbital
7%
Sky and Sand Paul Kalkbrenner
7%
Rock It Sub Focus
7%
Illmerica Wolfgang Gartner
7%
& Down Boys Noize
6%
Baptism Crystal Castles
6%
Raining Again Moby
6%
WARP 1.9 The Bloody Beetroots
6%
Pink Lady Feed Me
5%
It's What I Want Röyksopp
5%
Exploration of Space Cosmic Gate
4%
Dissolved Girl Massive Attack
4%
Tommy's Theme Noisia
4%
I Belive Simian Mobile Disco
3%
Stompbox The Qemists
3%
Tarantino Dirtyphonics
2%
Middle of the Night Evol Intent
2%
A New Error Moderat
2%
Miss You Trentemøller
2%
Second Lives Vitalic
2%
Cabala Cyberpunkers
1%
Techno Syndrome The Immortals
1%
No matching quizzes found
Score Distribution
Percent of People with Each Score
Percentile by Number Answered
Your Score History
You have not taken this quiz